000 00647nam a2200229 a 4500
001 59094
003 BD-RjUL
005 20211209080707.0
008 161221s2003 enk||||| |||| 001 0 eng d
020 _a8170337798
035 _a(BD-RjUL)59218
040 _aBD-RjUL
_beng
_cBD-RjUL
041 _aeng
082 _223
_a307.14
_bJAC 2003
100 _aJain Rashmi
_9175745
245 1 0 _aCommunicating rural development :
_bstrategies and alternatives /
_cRashmi Jain
260 _aJaipur :
_bRawat Publications,
_c©2003.
300 _a260 p. ;
_c24 cm.
500 _aInclude index
650 _aRural development
_9170668
942 _2ddc
_cBK
999 _c59094
_d59094